[Event "NOR-chT Eliteserien 2018-19"]
[Site "Norway"]
[Date "2019.01.11"]
[Round "4"]
[White "Lundeby, Oyvind Andersen"]
[Black "Stokke, Kjetil"]
[Result "1/2-1/2"]
[WhiteElo "2152"]
[BlackElo "2334"]
[Annotator "NA"]
[PlyCount "92"]
[EventDate "2018.11.02"]
[EventType "team-tourn"]
[EventCountry "NOR"]
[SourceTitle "playchess.com"]
[Source "ChessBase"]
[SourceQuality "1"]
[TimeControl "40/5400+30:1800+30"]

1. b3 {[%emt 0:00:00]} g6 {[%emt 0:00:17]} 2. Bb2 {[%emt 0:00:00]} Nf6 {[%emt 0:00:03]} 3. Nf3 {[%emt 0:00:09]} Bg7 {[%emt 0:00:07]} 4. g3 {[%emt 0:00:19]} c5 {[%emt 0:00:44]} 5. c4 {[%emt 0:01:14]} O-O {[%emt 0:01:56]} 6. Nc3 {[%emt 0:03:53]} Nc6 {[%emt 0:04:08]} 7. Bg2 {[%emt 0:02:39]} e5 {[%emt 0:00:56]} 8. O-O {[%emt 0:02:21]} d6 {[%emt 0:02:40]} 9. d3 {[%emt 0:01:19]} Rb8 {[%emt 0:00:36]} 10. Nd2 {[%emt 0:01:57] A38: Symmetrical English vs ...g6: 4 Bg2 Bg7 5 Nf3 Nf6} a6 {[%emt 0:00:38]} 11. Nde4 {[%emt 0:04:40]} (11. a3 Bg4 12. h3 Bd7 13. b4 cxb4 14. axb4 Nxb4 15. Ba3 a5 16. Rb1 b5 17. Nxb5 d5 {½-½ (30) Artemiev,V (2691)-Grischuk,A (2772) Huaian 2017}) 11... Be6 {[%emt 0:09:00]} 12. Nxf6+ $146 {[%emt 0:01:11]} ({Predecessor:} 12. h3 h6 {½-½ (12) Vlahovic,B (2340)-Stanojevic,B (2312) Kac 2012}) 12... Bxf6 {[%emt 0:00:35]} 13. Nd5 {[%emt 0:02:49]} Bg7 {[%emt 0:01:28]} 14. e3 {[%emt 0:04:20]} b5 {[%emt 0:02:52]} 15. Qd2 {[%emt 0:06:45]} Ne7 {[%emt 0:05:23]} 16. Nxe7+ {[%emt 0:02:11]} Qxe7 {[%emt 0:00:02]} 17. Rac1 {[%emt 0:11:49]} Rfd8 {[%emt 0:04:44]} 18. e4 {[%emt 0:04:51]} a5 {[%emt 0:04:51]} 19. f4 {[%emt 0:04:31]} exf4 {[%emt 0:11:46]} 20. Bxg7 {[%emt 0:00:54]} Kxg7 {[%emt 0:00:06]} 21. Rxf4 {[%emt 0:06:31]} h6 {[%emt 0:06:22]} 22. Rcf1 {[%emt 0:04:00]} bxc4 {[%emt 0:09:58]} 23. bxc4 {[%emt 0:01:33]} Qg5 {[%emt 0:01:05]} 24. Qxa5 {[%emt 0:02:03]} Rd7 {[%emt 0:02:44]} 25. Qc3+ {[%emt 0:03:41]} Qe5 {[%emt 0:00:12]} 26. Rc1 {[%emt 0:01:30]} Ra7 {[%emt 0:01:29]} 27. Qxe5+ {[%emt 0:02:30]} dxe5 {[%emt 0:00:09]} 28. Rf2 {[%emt 0:00:06]} Ra3 {[%emt 0:00:27]} 29. Rd2 {[%emt 0:01:07]} Rd8 {[%emt 0:04:16]} 30. Bf1 {[%emt 0:01:36]} f5 {[%emt 0:01:30]} 31. exf5 {[%emt 0:01:52]} gxf5 {[%emt 0:04:27]} (31... Bxf5 $11 32. Re1 e4) 32. Re2 {[%emt 0:02:25]} Kf6 {[%emt 0:05:50]} 33. Rce1 {[%emt 0:00:47]} Rdxd3 {[%emt 0:01:31]} 34. Rxe5 {[%emt 0:00:53]} Rd6 {[%emt 0:00:12]} 35. Rxc5 {[%emt 0:02:24]} Rxa2 {[%emt 0:00:08]} 36. Rce5 {[%emt 0:04:09]} Bd7 {[%emt 0:01:49]} 37. Rd5 {[%emt 0:02:54]} (37. c5 $14 Ra5 38. Rxf5+ Bxf5 39. cxd6) 37... Rxd5 {[%emt 0:00:19]} 38. cxd5 {[%emt 0:00:02]} Rd2 {[%emt 0:00:21]} 39. Bg2 {[%emt 0:00:23]} h5 {[%emt 0:05:43]} 40. h4 {[%emt 0:03:50]} Rd4 {[%emt 0:02:20]} 41. Re3 {[%emt 0:37:02]} f4 {[%emt 0:31:39]} 42. Rf3 {[%emt 0:00:25]} Ke5 {[%emt 0:01:40]} 43. Rxf4 {[%emt 0:01:06]} Rxf4 {[%emt 0:00:06]} 44. gxf4+ {[%emt 0:00:04]} Kxf4 {[%emt 0:00:05]} 45. Kh2 {[%emt 0:00:59]} Ke5 $11 {[%emt 0:00:06]} 46. Kg3 {[%emt 0:00:08]} Be6 {[%emt 0:00:34]} 1/2-1/2

[Event "NOR-chT Eliteserien 2018-19"]
[Site "Norway"]
[Date "2019.01.11"]
[Round "4"]
[White "Vitenberg, Noam Aviv"]
[Black "Machlik, Edit"]
[Result "1-0"]
[WhiteElo "2139"]
[BlackElo "2112"]
[Annotator "TA"]
[PlyCount "109"]
[EventDate "2018.11.02"]
[EventType "team-tourn"]
[EventCountry "NOR"]
[SourceTitle "playchess.com"]
[Source "ChessBase"]
[SourceQuality "1"]

{[%evp 12,109,41,21,39,24,39,40,86,91,84,73,98,81,101,97,102,79,94,85,97,85,161,151,195,202,199,202,189,191,195,182,221,209,220,191,190,186,211,162,223,176,185,190,194,112,162,92,89,87,105,102,155,154,625,20,20,20,26,59,59,12,16,8,8,8,72,25,478,456,624,606,597,584,588,12,416,411,342,296,239,8,64,8,592,12838,1775,1516,29974,29975,29976,29977,29977,29978,29978,29979,29982,29983,29983,29982]} 1. Nf3 Nf6 2. c4 e6 3. Nc3 Bb4 4. g4 O-O 5. g5 Ne8 6. h4 {A17: English Opening: 1...Nf6 with ...Bb4} d5 7. Qb3 {LiveBook: 4 Games} Bxc3 $146 ({Predecessor:} 7... Na6 8. cxd5 Bxc3 9. Qxc3 exd5 10. b4 c6 11. h5 f6 12. h6 {1-0 (27) Indjic,A (2612)-Sandalakis,A (2448) Lisbon 2018}) 8. dxc3 {White is slightly better.} dxc4 9. Qxc4 Qd5 10. Qxd5 exd5 11. Bf4 Be6 12. Bg2 Nc6 13. O-O-O Rd8 14. Nd4 Nxd4 15. Rxd4 Nd6 16. Rhd1 c5 (16... f6 $16) 17. R4d3 $18 d4 18. cxd4 cxd4 19. Rxd4 Rc8+ 20. Kb1 Nf5 21. Ra4 b5 22. Rxa7 Nxh4 23. Bd5 Rfd8 24. e4 Ng6 25. Bc7 Re8 (25... Rd7 $142) 26. Ba5 Nf4 27. Bxe6 Nxe6 28. Rdd7 (28. Rd5 $18) 28... Ra8 29. Rxf7 (29. Rxa8 $18 Rxa8 30. Bd2) 29... Rxa7 $16 30. Rxa7 {Black must now prevent Bd2.} Nxg5 $18 {[%mdl 4096] Endgame KRB-KRN} 31. Bc3 Nxe4 (31... g6 $142) 32. Rxg7+ $16 Kh8 $2 (32... Kf8 $16 33. Rxh7 Nxc3+ 34. bxc3 Re1+ 35. Kb2 Re2+ 36. Ka3 Rxf2) 33. Rg5+ $2 ({Only move:} 33. Bd4 $18 {White threatens Rg6+ and mate.} Nd2+ 34. Kc2) 33... Nxc3+ $11 34. bxc3 {KR-KR} Rb8 $1 35. Kc2 h6 36. Rd5 Kg7 37. Kd3 Kg6 38. f4 b4 (38... h5 $11 {remains equal.}) 39. c4 {[%cal Bc3c4,Bc4c5][%mdl 32] Threatens to win with c5.} b3 $2 {[%mdl 8192]} (39... Ra8 $11 {and Black stays safe.}) 40. axb3 $18 Rxb3+ 41. Ke4 Rc3 42. c5 h5 {[%cal Bh6h5,Bh5h4,Bh4h3][%mdl 32]} 43. Rd6+ $2 (43. Kd4 $18 Rc2 44. Rg5+ Kh6 45. Rg8) 43... Kf7 $2 {[%mdl 8192] [#]} (43... Kh7 $11) 44. Kd5 $1 h4 45. Rh6 h3 {[#]} 46. Kd6 $2 ({White has to play} 46. f5 $1 $18) 46... Rd3+ (46... Kg7 $11 47. Rh4 Kg6) 47. Kc7 (47. Ke5 $14) 47... Ke7 $2 {[%mdl 8192]} (47... Rc3 $11 {and Black has nothing to worry.}) 48. f5 Rf3 {[#]} 49. f6+ $1 {[%mdl 512]} Rxf6 50. Rxh3 {White mates.} Re6 51. c6 Re1 52. Kc8 Rc1 53. c7 Kd6 54. Kd8 Rg1 55. Rh6+ {Accuracy: White = 55%, Black = 39%.} 1-0

[Event "NOR-chT Eliteserien 2018-19"]
[Site "Norway"]
[Date "2019.01.11"]
[Round "4"]
[White "Mikalsen, Harald"]
[Black "Nordquelle, Daniel"]
[Result "1-0"]
[WhiteElo "2006"]
[BlackElo "2235"]
[Annotator "NA"]
[PlyCount "53"]
[EventDate "2018.11.02"]
[EventType "team-tourn"]
[EventCountry "NOR"]
[SourceTitle "playchess.com"]
[Source "ChessBase"]
[SourceQuality "1"]
[TimeControl "40/5400+30:1800+30"]

1. e4 {[%emt 0:00:00]} e6 {[%emt 0:04:21]} 2. d4 {[%emt 0:01:52]} d5 {[%emt 0:00:00]} 3. exd5 {[%emt 0:03:46]} exd5 {[%emt 0:00:00]} 4. Bd3 {[%emt 0:00:10]} Bd6 {[%emt 0:00:00]} 5. c3 {[%emt 0:07:39]} Ne7 {[%emt 0:00:20]} 6. Qh5 {[%emt 0:10:44] C01: French: Exchange Variation} (6. Ne2 O-O 7. O-O Bf5 8. Bf4 c6 9. Bxd6 Qxd6 10. Bxf5 Nxf5 {½-½ (10) Drazic,S (2426)-Petakov,U (2326) Novi Sad 2017}) 6... Be6 {[%emt 0:12:07]} 7. Nf3 {[%emt 0:08:04]} Ng6 {[%emt 0:17:44]} (7... Nbc6 $11 {keeps the balance.}) 8. Ng5 {[%emt 0:11:06]} Qf6 $146 {[%emt 0:12:19]} ({Predecessor:} 8... Qd7 9. Nxe6 Qxe6+ 10. Qe2 Qxe2+ 11. Bxe2 O-O 12. O-O Re8 13. Bd3 Nd7 {0-1 (44) Schefczik,R (1922)-Cordes,M (1921) Ruhrgebiet 2005}) 9. Nxh7 {[%emt 0:09:28]} Qe7 {[%emt 0:04:15]} 10. O-O {[%emt 0:07:29]} Nd7 {[%emt 0:02:52]} 11. Bxg6 {[%emt 0:11:13]} fxg6 {[%emt 0:08:00]} 12. Qxg6+ {[%emt 0:02:07]} Bf7 {[%emt 0:00:14]} 13. Qxg7 {[%emt 0:02:46]} O-O-O {[%emt 0:01:14]} 14. Bg5 {[%emt 0:00:45]} Qe2 {[%emt 0:08:30]} 15. Bxd8 {[%emt 0:06:43]} Qh5 {[%emt 0:02:01]} 16. h4 {[%emt 0:04:21]} Rg8 {[%emt 0:10:34]} 17. Nf6 {[%emt 0:03:33] [#]} Qxh4 $4 {[%emt 0:00:22]} (17... Nxf6 $1 $19 18. Qxg8 (18. Bxf6 Rxg7 19. Bxg7 Qe2 $19) (18. Qxf6 {is a self mate.} Rxg2+ 19. Kxg2 Qg4+ 20. Kh1 Qh3+ 21. Kg1 Qh2#) 18... Nxg8) 18. Qh7 {[%emt 0:01:16]} Qxh7 {[%emt 0:10:10]} 19. Nxh7 {[%emt 0:00:06]} Kxd8 {[%emt 0:00:10]} 20. f4 {[%emt 0:00:17]} Bg6 {[%emt 0:00:18]} 21. Ng5 $18 {[%emt 0:00:20]} Nf6 {[%emt 0:00:08]} 22. g3 {[%emt 0:01:51]} Nh5 {[%emt 0:02:58]} 23. Kf2 {[%emt 0:01:58]} Bf5 {[%emt 0:02:11]} 24. Nf7+ {[%emt 0:00:53]} Kd7 {[%emt 0:00:08]} 25. Nh6 {[%emt 0:01:32]} Rxg3 {[%emt 0:01:05]} 26. Nxf5 {[%emt 0:00:23]} Rg4 {[%emt 0:00:27]} 27. Nxd6 {[%emt 0:00:27]} 1-0

[Event "NOR-chT Eliteserien 2018-19"]
[Site "Norway"]
[Date "2019.01.11"]
[Round "4"]
[White "Rygg, Andreas Gangstad"]
[Black "Frisvold, Ole Emil"]
[Result "0-1"]
[WhiteElo "1869"]
[BlackElo "2131"]
[Annotator "TA"]
[PlyCount "138"]
[EventDate "2018.11.02"]
[EventType "team-tourn"]
[EventCountry "NOR"]
[SourceTitle "playchess.com"]
[Source "ChessBase"]
[SourceQuality "1"]

{[%evp 16,138,26,-8,-6,-22,-22,-22,-4,-31,-24,-27,-28,-53,-52,-54,-24,-20,-39,-31,-19,-39,-23,-31,-31,-57,-52,-49,-48,-56,-40,-35,-31,-83,-70,-61,-61,-57,-54,-102,-89,-95,-104,-97,-107,-95,-79,-83,-73,-70,-74,-85,-80,-98,-89,-129,-112,-100,-109,-196,-186,-181,-178,-175,-117,-164,-173,-304,-287,-371,-362,-389,-220,-300,-225,-204,-221,-221,-220,-199,-205,-227,-97,-83,-89,-93,-103,-93,-102,-94,0,-54,0,0,0,-8,0,-147,-8,-367,-214,-725,-725,-700,-616,-547,-552,-246,0,0,0,0,0,0,0,-875,-711,-840,-725,-5077,-1471,-1422,-1295,-29976,-29976]} 1. e4 c5 2. Be2 Nc6 3. f4 g6 4. Nf3 Bg7 5. c3 (5. O-O d6 6. c3 Nf6 7. d3 Rb8 8. a4 a6 9. Kh1 O-O 10. Be3 c4 11. Nbd2 cxd3 12. Bxd3 b5 13. axb5 axb5 {1-0 (34) Adhiban,B (2655)-Wang,Y (2690) Riadh 2017}) 5... d5 6. d3 {B21: Sicilian: 2 f4 and Morra Gambit} e6 7. O-O Nge7 8. Na3 O-O 9. Kh1 {LiveBook: 5 Games} f6 $146 ({Predecessor:} 9... Rb8 10. Be3 d4 11. Bd2 b5 12. Nc2 b4 13. cxd4 cxd4 {1-0 (49) Kostenko,P (2421)-Tregubov,P (2589) Cheliabinsk 2017}) 10. Qe1 b6 11. Nc2 Qd7 12. Qh4 Ba6 13. Re1 Rae8 14. Be3 Nd8 15. a4 dxe4 16. dxe4 Bxe2 17. Rxe2 Qd3 18. Rae1 Qxe4 19. Bxc5 $1 Qxa4 20. Bxe7 Rxe7 21. Ncd4 Rfe8 22. Qg4 e5 23. fxe5 fxe5 24. Re4 (24. Qe4 $15) 24... Qd7 25. Qxd7 Rxd7 26. Kg1 (26. Nxe5 $2 Rde7 $19) 26... Rde7 27. Kf2 Nf7 28. Nc6 {[#]} Rc7 $1 {[%cal Rc7c6]} 29. Nb4 Nd6 30. R4e2 {[%cal Rf3e5]} Rf7 31. Kg1 {[%cal Rf3e5]} e4 32. Ng5 Rfe7 $36 {[%mdl 2048] Black is really pushing.} 33. Nc6 Rc7 {aiming for ...Bh6.} 34. Nb4 {[%cal Rg5e4]} a5 35. Nc2 {[%cal Rg5e4]} Rce7 36. Ne3 Bh6 37. Nh3 (37. h4 $17) 37... Bxe3+ $1 $19 38. Rxe3 Nc4 39. R3e2 Re5 (39... a4 $19 40. Ng5 e3) 40. Nf2 {[%cal Rf2e4]} e3 41. Nd3 (41. Ng4 {was worth a try.} R5e6 42. h3) 41... Rd5 42. Nc1 Rd2 43. b3 Nb2 ({Weaker is} 43... Nd6 44. Kf1 $19) (43... Na3 $142 {Hoping for ...Nc2.} 44. h3 (44. Rxd2 $2 exd2 45. Rxe8+ Kf7 $19) 44... Nc2) 44. Kf1 ({But not} 44. Rxd2 $2 exd2 45. Rxe8+ Kf7 $19) 44... Nd3 45. Nxd3 Rxd3 {[%mdl 4096] Endgame KRR-KRR} 46. Rc2 Rc8 47. Rec1 Rd2 48. Ke1 Rf8 (48... Rcd8 $19 {has better winning chances.} 49. c4 Kg7) 49. Rxd2 $17 exd2+ 50. Kxd2 {KR-KR} Rf2+ 51. Kd3 Rxg2 52. Kc4 Rxh2 53. Kb5 Rb2 ({Black should try} 53... a4 $1 $15 54. Kxa4 Rh5) 54. Kxb6 $11 Rxb3+ 55. Kxa5 Kf8 56. Ka4 (56. c4 $1 $11) 56... Rb7 ({Black should play} 56... Rb8 $17 {White must now prevent ...Ke7.} 57. c4 Ke7) 57. Re1 $2 {[%mdl 8192]} (57. c4 $1 $11) 57... g5 (57... Kf7 $142 58. c4 Re7) 58. c4 $2 (58. Rg1 Rg7 59. Kb4) 58... Kf7 $19 59. c5 h5 60. c6 {[#]} Rb8 $1 61. Ka5 h4 $2 (61... Rc8 $19 62. Kb6 Rb8+ 63. Ka6 Rb2) 62. c7 $11 Rc8 63. Kb6 Kf6 {Threatens to win with ...g4.} 64. Kb7 Rh8 {Strongly threatening ...g4.} 65. c8=Q $4 {[%mdl 8192]} (65. Rg1 $11) 65... Rxc8 $19 66. Kxc8 g4 {[%cal Bg5g4,Bg4g3,Bg3g2][%mdl 32]} 67. Kd7 g3 68. Re8 g2 69. Rf8+ Kg7 {Accuracy: White = 44%, Black = 55%.} 0-1